00562nam a2200169Ia 450000500170000000800410001704000190005804100120007708200130008924501420010226000400024430000410028450400190032565000200034470000180036485000100038220230607105557.0131103s9999 xx 000 0 und d aLoreto College aEnglish a930bHAM aWonders of the pastb the marvellous works of man in ancient time,described by the leading authorities of today cedited by J.A.Hammerton aLondonbThe Fleetway Housec[19 -?] aV.3 (833 - 1248 p.)b ill.,some col. aIncludes index aAncient History aHammertonJ.A. aLCLIB